-
Aho, Alfred V and Ullman Jeffrey D
Entry Personal Name
Number of records used in: 1
001 - CONTROL NUMBER
003 - CONTROL NUMBER IDENTIFIER
005 - DATE AND TIME OF LATEST TRANSACTION
- control field:
20180206163158.0
008 - FIXED-LENGTH DATA ELEMENTS
- fixed length control field:
180206|| aca||aabn | a|a d
040 ## - CATALOGING SOURCE
- Original cataloging agency:
OSt
- Transcribing agency:
OSt
100 ## - HEADING--PERSONAL NAME
- Personal name:
Aho, Alfred V and Ullman Jeffrey D
670 ## - SOURCE DATA FOUND
- Source citation:
Work cat.: (OSt)4065: Aho, Alfred V and Ullman Jeffrey D, Principles of Compiler Design, 2002